| 000 | 00438nam a2200169 a 4500 | ||
|---|---|---|---|
| 001 | 0000-9193 | ||
| 003 | ELIB.Books | ||
| 008 | 110520 1995 | ||
| 035 | _a(ELIB.Books)0000-9345 | ||
| 082 |
_a266 _bVis |
||
| 100 | _aVision | ||
| 245 | _aVision for the Nation | ||
| 260 |
_bCalifornia: U.S. Centre for World Mission _c1995 |
||
| 650 | _aMission | ||
| 942 |
_2ddc _cBK |
||
| 998 |
_cbat _e2011-05-20 _mcat _u2019-06-25 |
||
| 999 |
_c9193 _d9193 |
||